<?xml version="1.0" encoding="UTF-8"?>
<record
    xmlns:xsi="http://www.w3.org/2001/XMLSchema-instance"
    xsi:schemaLocation="http://www.loc.gov/MARC21/slim http://www.loc.gov/standards/marcxml/schema/MARC21slim.xsd"
    xmlns="http://www.loc.gov/MARC21/slim">

  <leader>00389nam a22001337a 4500</leader>
  <datafield tag="999" ind1=" " ind2=" ">
    <subfield code="c">534375</subfield>
    <subfield code="d">534375</subfield>
  </datafield>
  <datafield tag="020" ind1=" " ind2=" ">
    <subfield code="a">978-9699739156</subfield>
  </datafield>
  <datafield tag="040" ind1=" " ind2=" ">
    <subfield code="c">MSOHAIL</subfield>
  </datafield>
  <datafield tag="082" ind1=" " ind2=" ">
    <subfield code="a">958.1045</subfield>
  </datafield>
  <datafield tag="100" ind1=" " ind2=" ">
    <subfield code="a">John K.Cooley</subfield>
    <subfield code="9">28511</subfield>
  </datafield>
  <datafield tag="245" ind1=" " ind2=" ">
    <subfield code="a">Ghair Muqaddas Jangein Kabul se Baghdad - &#x63A;&#x6CC;&#x631; &#x645;&#x642;&#x62F;&#x633; &#x62C;&#x646;&#x6AF;&#x6CC;&#x6BA;. &#x6A9;&#x627;&#x628;&#x644; &#x633;&#x6D2; &#x628;&#x63A;&#x62F;&#x627;&#x62F; &#x62A;&#x6A9;</subfield>
  </datafield>
  <datafield tag="260" ind1=" " ind2=" ">
    <subfield code="a">Lahore</subfield>
    <subfield code="b">Jamhori Publication</subfield>
    <subfield code="c">c2010</subfield>
  </datafield>
  <datafield tag="300" ind1=" " ind2=" ">
    <subfield code="a">394;pxv</subfield>
  </datafield>
  <datafield tag="942" ind1=" " ind2=" ">
    <subfield code="2">ddc</subfield>
    <subfield code="c">BK</subfield>
  </datafield>
  <datafield tag="952" ind1=" " ind2=" ">
    <subfield code="0">0</subfield>
    <subfield code="1">0</subfield>
    <subfield code="2">ddc</subfield>
    <subfield code="4">0</subfield>
    <subfield code="7">0</subfield>
    <subfield code="a">NIT</subfield>
    <subfield code="b">NIT</subfield>
    <subfield code="d">2020-02-18</subfield>
    <subfield code="l">0</subfield>
    <subfield code="o">958.1045</subfield>
    <subfield code="p">NIT-9825</subfield>
    <subfield code="r">2020-02-18</subfield>
    <subfield code="w">2020-02-18</subfield>
    <subfield code="y">BK</subfield>
  </datafield>
</record>
